[Event "Ivrea Autumn Cup 24th"]
[Site "Ivrea"]
[Date "2013.11.07"]
[Round "5"]
[White "Grosso, Giacomo"]
[Black "Calzolari, Marco"]
[Result "0-1"]
[WhiteElo "1282"]
[BlackElo "1751"]
[PlyCount "48"]
[EventDate "2013.10.10"]
[EventType "swiss"]
[EventRounds "9"]
[EventCountry "ITA"]
[SourceTitle "EXT 2017"]
[Source "ChessBase"]
[SourceDate "2016.10.25"]
[SourceVersion "1"]
[SourceVersionDate "2016.10.25"]
[SourceQuality "1"]

1. d4 d5 2. c4 c6 3. cxd5 cxd5 4. Nc3 Nf6 5. Bf4 Nc6 6. e3 Qb6 7. Qb3 Qxb3 8. axb3 Bd7 9. Bd3 Nb4 10. Bb1 e6 11. Nf3 Be7 12. 0-0 h6 13. Ne5 0-0 14. h3 Bc6 15. Nxc6 bxc6 16. Rc1 Rfc8 17. Na4 Nd7 18. Nc5 Nxc5 19. dxc5 Bf6 20. Rd1 Bxb2 21. Ra4 a5 22. Rd2 Bc3 23. Rd1 Na6 24. Bd3 Nxc5 0-1